000 nam a22 7a 4500
999 _c7938
_d7938
008 171115b xxu||||| |||| 00| 0 eng d
100 _aRawat
_94401
245 _aMathematics-9
260 _aNew Delhi